00473nam a2200181Ia 450000500170000000800410001702000290005804000190008704100120010608200130011810000320013124500350016326000320019830000100023044000240024070000170026485000100028120230424101202.0140110s9999 xx 000 0 und d a9781861972811cRs.250.00 aLoreto College aEnglish a658bMOO aMoon,Chris and Bonny,Clive  4aThe EconomistbBusiness ethics aLondonbProfile Booksc2002 a206p. aThe Economist Books aBonny, Clive aLCLIB